Statistics for Naming People by Picture #2

Click here to take the quiz!

General Stats

  • This quiz has been taken 75 times
  • The average score is 3 of 15

Answer Stats

Answer% Correct
Frida Kahlo
71%
Nancy Pelosi
69%
Ruhollah Khomeini
69%
Errol Flynn
46%
Vladimir Nabokov
17%
Bathsheba
14%
Gottfried Wilhelm Leibniz
14%
Sappho
11%
Dido
9%
Mary Wilson
9%
Giuseppe Verdi
6%
W. H. Auden
6%
Chimamanda Ngozi Adichie
3%
José Andrade
3%
Lili Elbe
3%

Score Distribution

Percentile by Number Answered

Percent of People with Each Score

Your Score History

You have not taken this quiz